=LDR 00000nam 2200000 4500 =001 INLIS000000000031472 =005 20161114134847.0 =006 =007 =008 Ind =035 ##$$0010-061300000031472 =041 ##$$a Ind =082 ##$$a 028.5 =090 ##$$a 028.5, Yul s =100 ##$$a Yulianty, Rani =245 ##$$a Sa'ad bin Abi Waqqash, Rani Yulianti =260 ##$$a 2005 $b Bandung =300 ##$$a 27 hlm, ilus, 17 cm =650 ##$$a Dongeng =850 ##$$a NBPNMAT =990 ##$$a 0001/BPAP-NTB/2015